000 00703pam a2200205 a 4500
020 _a0080367046 (flexi cover) :
020 _a0080367054 (hard cover) :
082 0 0 _a358.18
_bTER
_cL-30, P-66
245 1 0 _aFighting vehicles /
_cT.W. Terry ... [et al.].
250 _a1st ed.
260 _aLondon ;
_aWashington, [D.C.] :
_bBrassey's (UK) ;
_aRiverside. N.J. :
_bBrassey's (US) [distributor],
_c1991.
300 _axviii, 315 p. :
_bill. ;
_c26 cm.
500 _aIncludes index.
526 _a0
_b0
_c0
_d358_180000000000000_TER
650 0 _aArmored vehicles, Military.
_946747
650 0 _aMCE
_9379
650 0 _aTanks (Military science)
_946748
700 1 _aTerry, T. W.
_946749
942 _2ddc
_cBK
999 _c549992
_d549992